000 00281nam a2200121Ia 4500
008 190216s9999||||xx |||||||||||||| ||und||
100 _aVinay Sharma
245 0 _aHindi-Kahaniyam Dhadhuom Ki
260 _bSharma Yend Sams
_c2010
300 _a180
650 _aHindi
942 _cBK
999 _c16907
_d16907